| 000 | 01618nam a22002057a 4500 | ||
|---|---|---|---|
| 003 | IT-MiCISF | ||
| 005 | 20250306115028.0 | ||
| 008 | 180706b ||||| |||| 00| 0 eng d | ||
| 040 | _cIT-MiCISF | ||
| 041 | _ait | ||
| 100 |
_aFoà Benedetta _956380 |
||
| 245 |
_aLe doglie del ri-nascere. _bDonne e uomini raccontano il dramma dell'aborto |
||
| 260 |
_aCinisello B. (MI), _bSan Paolo, _c2018 |
||
| 300 | _app. 143 | ||
| 500 | _aaborto, vissuto-aborto, gravidanza, vissuto-paternità, vissuto-maternità | ||
| 520 | _aL'interruzione volontaria di gravidanza è un tabù di cui non si può parlare. Uno stato delle cose che non cambia di molto anche nel caso di aborti spontanei. Ancora oggi le mamme e i papà in lutto non trovano ascolto. L'omertà e il tabù che sono strettamente legati all'evento li portano a vivere il loro dolore nella completa solitudine o incomprensione. Questo dolore a volte è talmente forte da poterlo chiamare trauma e un trauma non elaborato porta a una sindrome chiamata stress post-aborto. In questo volume Benedetta Foà affronta questo tema così delicato partendo dalle storie di donne e uomini che hanno vissuto il dramma dell'aborto in prima persona; testimonianze autentiche che raccontano il dolore, un dolore e una sofferenza necessari ma spesso vissuti in solitudine, senza il sostegno degli altri. Ma se il trauma esiste e va elaborato, esiste comunque una via di uscita, un modo per rinascere e rialzarsi e questo libro si propone di essere un importante aiuto sul percorso di guarigione. | ||
| 650 |
_aaborto _956077 |
||
| 654 | _atestimonianza | ||
| 942 |
_2ddc _cBK |
||
| 999 |
_c357938 _d357938 |
||